000 00972cam a2200277 4500
008 090401t1993 xxu||||| |||| 00| 0 eng d
020 _a1853341843
035 _a(Sirsi) u71888
041 _aeng
050 _a332.6324
100 _aBoydell, Spike
245 _aProperty as an investment medium: its role in the institutional portfolio.
260 _aLondon
_bFinancial Times Business Information
_c1993
300 _aviii,144p. ; 30cm.
350 _a256
490 _aFinancial Times
_vManagement Reports
520 _aLooks at the advantages and disadvantages of direct investment in property from the point of view of institutional investors.
650 _aPROPERTY-COMMERCIAL PROPERTY
650 _aINSTITUTIONAL INVESTMENT
650 _aPORTFOLIO MANAGEMENT
650 _aPROPERTY INVESTMENT
690 _aPROPERTY-COMMERCIAL PROPERTY-COMMERCIAL PROPERTY FINANCE AND INVESTMENT
700 _aClayton, Peter
942 _n0
948 _c04/03/1997
999 _c95457
_d95457